[Event "Nordic-ch VISA"]
[Site "Reykjavik"]
[Date "1997.10.11"]
[Round "4"]
[White "Westerinen, Heikki MJ"]
[Black "Schandorff, Lars"]
[Result "0-1"]
[WhiteElo "2410"]
[BlackElo "2505"]
[Annotator "Rogozenco,D"]
[PlyCount "96"]
[EventDate "1997.10.08"]
[EventType "tourn"]
[EventRounds "13"]
[EventCountry "ISL"]
[EventCategory "10"]
[SourceTitle "CBM 062"]
[Source "ChessBase"]
[SourceDate "1998.01.31"]
[SourceVersion "1"]
[SourceVersionDate "1998.01.31"]
[SourceQuality "1"]

1. e4 c5 2. Nf3 Nc6 3. d4 cxd4 4. Nxd4 Nf6 5. Nc3 e5 6. Ndb5 d6 7. Bg5 a6 8.
Na3 b5 9. Nd5 Be7 10. Bxf6 Bxf6 11. c3 O-O 12. Nc2 Rb8 13. g3 {13.h4 is much
stronger. After the text move Black is OK.} Be6 14. Bg2 Bg5 15. O-O a5 16. Qd3
Ne7 (16... Qd7 17. Nce3 Bxe3 18. Nxe3 Rfd8 19. Rfd1 a4 20. Nd5 Ne7 21. Nb4 Nc6
{1/2-1/2 Westerinen,H-Harestad,T/Stavanger op 1989/EXT 89op}) 17. Nce3 Bxe3 18.
Nxe3 Qb6 (18... Qc7 19. Rfd1 Rfd8 20. Rd2 Qc5 21. Rad1 g6 22. Qb1 b4 23. cxb4
Qxb4 24. b3 Nc6 25. Nc2 Qc5 26. Qc1 Rbc8 27. Qb2 Rb8 28. Qa3 Qc3 29. Qc1 Rdc8
30. Rd3 Qc5 31. Qd2 a4 32. Rc3 Qb5 33. Bf1 Qb7 34. bxa4 Bxa2 35. Bb5 {1/2-1/2
Torok,J-Thallinger,G/Gyor opJ 1992/EXT 92op}) 19. Rfd1 Rfd8 20. Rd2 (20. a3 Bb3
21. Rd2 h6 $15) 20... b4 21. h3 $2 (21. c4 Nc6 22. Rad1 a4 $15) 21... bxc3 22.
bxc3 (22. Qxc3 $142 a4 $15) 22... Qc5 $17 23. Rad1 h6 24. Kh2 (24. Qc2 Qa3 $17)
24... a4 25. Qa6 Ra8 26. Qb7 Ra7 27. Qb4 Rc8 $1 28. Rxd6 $2 (28. Qxc5 Rxc5 29.
c4 Bxc4 (29... Nc8 $15) 30. Nxc4 Rxc4 31. Rxd6 Rc2 32. R1d2 Rac7 $15) 28...
Bxa2 29. Rd8+ Kh7 30. Rxc8 (30. R8d7 $142 Qxb4 31. cxb4 Rcc7 32. Rxc7 Rxc7 33.
Nd5 Rb7 $17) 30... Qxb4 31. cxb4 Nxc8 32. Bf1 (32. Nd5 a3 $19) 32... Bb3 33.
Ra1 Nd6 34. Bd3 Rb7 35. Nc2 g6 36. f3 Nc4 37. Kg2 (37. Bxc4 Bxc4 $19) 37... Nb2
(37... Bxc2 38. Bxc4 Bb3 $19) 38. Ba6 Rb6 39. Rb1 Bxc2 40. Rxb2 Bb3 41. b5 Be6
42. Kf2 (42. Rb4 a3 43. Ra4 a2 44. Kf2 Rd6 45. Ke2 Bc4+ 46. Ke1 Bb3 $19) 42...
a3 43. Rb1 a2 44. Ra1 Bb3 45. Ke2 Rd6 46. Bb7 Bc4+ 47. Ke1 Rd3 48. Bd5 Rb3 0-1

[Event "Corus"]
[Site "Wijk aan Zee"]
[Date "2005.01.16"]
[Round "2"]
[White "Anand, Viswanathan"]
[Black "Leko, Peter"]
[Result "0-1"]
[WhiteElo "2786"]
[BlackElo "2749"]
[Annotator "Rogozenco,D"]
[PlyCount "114"]
[EventDate "2005.01.15"]
[EventType "tourn"]
[EventRounds "13"]
[EventCountry "NED"]
[EventCategory "19"]
[SourceTitle "CBM 105"]
[Source "ChessBase"]
[SourceDate "2005.04.11"]
[SourceVersion "1"]
[SourceVersionDate "2005.04.11"]
[SourceQuality "1"]

{[%mdl 2]} 1. e4 c5 2. Nf3 Nc6 3. d4 cxd4 4. Nxd4 Nf6 5. Nc3 e5 6. Ndb5 d6 7.
Bg5 a6 8. Na3 b5 9. Bxf6 gxf6 10. Nd5 f5 11. c3 Bg7 12. exf5 Bxf5 13. Nc2 O-O
14. Nce3 Be6 15. Bd3 f5 16. O-O Ra7 17. a4 Ne7 18. Nxe7+ Rxe7 19. axb5 axb5 20.
Bxb5 d5 21. Ra6 f4 (21... Kh8 22. Be2 $5 d4 23. cxd4 exd4 24. Nc2 Bd5 25. Nb4
Bb7 26. Ra1 {E.Sveshnikov considers this to be slightly better for White, but
after} Be5 $1 27. f4 Rg8 {Black is obviously completely okay}) 22. Nc2 $5 {
An ambitious, but risky strategy, requiring a careful follow-up, since Black
keeps good attacking possibilities.} ({In the endgame arising after} 22. Rxe6
Rxe6 23. Qxd5 Qxd5 24. Nxd5 {only White can play for a win, although after} e4
{Black should be able to achieve a draw}) 22... Bc8 $146 (22... Rb7 $5 23. Rxe6
Rxb5 24. Nb4 f3 25. gxf3 $1 $13 (25. g3 $140 $2 Qd7 $19)) (22... f3 23. g3 Rb7
24. Na3 Rb6 25. Ra7 Qb8 $44 {1-0 Pecotic,K-Berkley,S/IECC email 2000 (50)}) 23.
Ra8 Qd6 24. Nb4 (24. Bc4 Bb7 25. Rxf8+ Bxf8 26. Nb4 Rd7 27. Bb3 {- see 25.Rxf8}
) 24... Bb7 25. Ra7 $6 (25. Rxf8+ Bxf8 (25... Kxf8 $5 26. Qh5 Qg6 $44) 26. Bc4
Rd7 (26... Kh8 27. Bxd5 Rd7 28. Bb3 (28. Bf3 Qe7 $44) 28... Qg6 29. Nd5 Rg7 30.
g3) 27. Bb3 Kh8 28. Qh5 $13 {/+/=} Rg7 29. Qe8 d4 30. f3 $14) 25... d4 26. Ba6
$2 (26. Qa4 Kh8 $44) (26. Qh5 $5 Bf3 $140 27. Qxf3 Rxa7 28. Bd3 $11) (26. Bc6
Bxc6 27. Rxe7 Qxe7 28. Nxc6 Qe6 29. Nb4 f3 30. gxf3 Qh3 $11) 26... Bxg2 $1 $19
27. Bc4+ (27. Kxg2 f3+ 28. Kh1 Rxa7 $19) (27. Rxe7 Qg6 $19) 27... Kh8 28. Ra6 (
28. Rxe7 Qg6 29. Re6 Bf6 $19) 28... Qc5 29. Kxg2 f3+ 30. Kh1 Qxc4 31. Rc6 Qb5
32. Rd6 e4 33. Rxd4 {The only way to protect against the advance ...e3.
However, Black is technically winning in the arising endgame, even if White
has practical chances for a draw.} Bxd4 (33... Qh5 $5 34. Rd5 Be5 35. Rxe5 Rxe5
36. Qd4 Qg5 37. Rg1 Rd8 38. Rxg5 Rxd4 39. cxd4 Rxg5 $19) 34. Qxd4+ Qe5 35.
Qxe5+ Rxe5 {White's main problem is his king. Because of that he cannot create
any counterplay without losing material.} 36. Nc2 Rb8 37. Ne3 Rc5 38. h3 (38.
Nd1 Rd5 39. h3 Rd2 $19) 38... Rxb2 39. c4 Rg5 40. Kh2 Kg8 41. h4 Rg6 42. Kh3
Kf7 43. Nf5 Rc2 44. Ne3 Rd2 45. c5 (45. Nd5 h6 46. Ne3 Ke6 47. Nd5 Ke5 48. Ne3
h5 $19) 45... Ke6 46. c6 Rg8 47. c7 Rc8 48. Kg3 Rxc7 49. Kf4 (49. Ra1 Ke5 50.
Ra5+ Kd4 51. Ra4+ Kd3 $19) 49... Rd4 50. Ra1 Rf7+ 51. Kg3 Rd8 52. Ra6+ Ke5 53.
Ng4+ Kd5 54. Nf6+ Rxf6 55. Rxf6 Ke5 56. Rh6 Rg8+ 57. Kh3 e3 0-1

[Event "EU-ch 6th"]
[Site "Warsaw"]
[Date "2005.06.30"]
[Round "12"]
[White "Kovchan, Alexander"]
[Black "Kuljasevic, Davorin"]
[Result "1-0"]
[WhiteElo "2488"]
[BlackElo "2408"]
[Annotator "Rogozenco,D"]
[PlyCount "107"]
[EventDate "2005.06.18"]
[EventType "swiss"]
[EventRounds "13"]
[EventCountry "POL"]
[SourceTitle "CBM 108"]
[Source "ChessBase"]
[SourceDate "2005.09.26"]
[SourceVersion "1"]
[SourceVersionDate "2005.09.26"]
[SourceQuality "1"]

1. e4 c5 2. Nf3 Nc6 3. d4 cxd4 4. Nxd4 Nf6 5. Nc3 e5 6. Ndb5 d6 7. a4 a6 8. Na3
Bg4 (8... Be6 $11) 9. f3 Be6 10. Nc4 Rc8 (10... d5 11. exd5 Nxd5 12. Nxd5 Bxd5
13. Be3 Be6 $11) (10... Nb4 11. Bg5 $13) 11. Be3 ({Black is doing fine after} 
11. Ne3 Nb4) 11... Nb4 12. Nb6 Rc6 (12... d5 {is a good alternative}) 13. Nbd5
(13. a5 d5 $11) 13... Nfxd5 14. exd5 Rxc3 $1 15. bxc3 Nxd5 16. Bd2 Nb6 ({
Black has a wonderful compensation after} 16... Qc7 $1 17. c4 ({or} 17. Qc1 Nb6
(17... Nxc3 18. Qb2 Nd5 19. Rb1 {is less clear}) 18. Bd3 Nc4 19. O-O Be7) 17...
Nb6 18. Ba5 Qc5 19. Bxb6 Qxb6 20. Rb1 (20. Bd3 d5 $5) 20... Qc5 $1 21. Rxb7 Be7
22. Bd3 (22. Qd2 Bd8 23. Qf2 $2 Ba5+ $19) 22... Bd8 $44 {[%cal Gd8b6]}) 17. Bd3
d5 (17... Nc4 $142 18. Bc1 (18. O-O Nxd2 19. Qxd2 d5 20. Rab1 Qc7 21. f4 $13)
18... d5 19. O-O (19. Bxc4 Qh4+ $1 $17) 19... Qc7 $13) 18. O-O Bc5+ {Another
inaccurate move, that handles White a clear advantage.} (18... Qc7 19. Qe2 (19.
a5 Nc4) 19... Bd6 20. a5 Nd7 $13) 19. Kh1 O-O 20. Qe2 Qc7 21. a5 $1 Nd7 (21...
Nc4 22. Bxc4 dxc4 23. Be3 $16) 22. c4 {White achieved a lot: he succeeded to
fix pawn b7 and now comfortably attacks opponent's pawn center.} Bd4 $2 (22...
d4 23. f4 $16) ({Black should have played} 22... e4 23. fxe4 d4 {although after
} 24. e5 $1 Nxe5 25. Bf4 f6 26. Rfe1 {White is better anyway.}) (22... dxc4 23.
Bxc4 Bxc4 24. Qxc4 $16) 23. cxd5 Bxd5 24. c3 Ba7 25. Bxh7+ $1 {After this
small trick White wins a pawn and the rest is a matter of technique.} Kxh7 26.
Qd3+ Kg8 27. Qxd5 $18 Nf6 28. Qd3 Bb8 29. g3 (29. Qf5 e4 (29... Rd8 30. Bg5 $18
) (29... Re8 30. Rfe1 e4 31. Qh3 $18) 30. g3 {[%cal Gd2f4]} (30. Qh3 {is also
good}) 30... Qc6 (30... Re8 31. Bf4 $18) 31. Bg5 exf3 32. Qxf3 $18) 29... Qc6
30. Rae1 Bc7 31. Bg5 Nh7 (31... Bxa5 32. Rxe5 $18) 32. Be7 Re8 33. Bb4 Nf6 34.
c4 Rd8 35. Qe2 Rd4 36. Bd2 $1 (36. Rc1 e4 37. f4 $16) 36... e4 (36... Rxc4 37.
Rc1 $16 {/+-}) 37. Bc3 $1 exf3 (37... Rxc4 38. Bxf6 gxf6 39. fxe4 $18) 38. Qxf3
Rxc4 39. Qxc6 Rxc6 40. Bd2 Rc2 41. Rc1 Rxd2 42. Rxc7 $18 Ra2 43. Rf5 Rb2 44.
Kg1 Kh7 45. Rf2 Rb5 46. Rxf7 Kg8 47. Re7 Nd5 48. Re8+ Kh7 49. Re5 Rxa5 50. Kg2
b6 51. Rd2 Nb4 52. Rxa5 bxa5 53. Rd4 Kg6 54. Rf4 1-0

[Event "Olympiad-36"]
[Site "Mallorca"]
[Date "2004.10.25"]
[Round "10"]
[White "Volokitin, Andrei"]
[Black "Shabalov, Alexander"]
[Result "1/2-1/2"]
[WhiteElo "2652"]
[BlackElo "2608"]
[Annotator "Rogozenco,D"]
[PlyCount "72"]
[EventDate "2004.10.15"]
[EventType "team-swiss"]
[EventRounds "14"]
[EventCountry "ESP"]
[SourceTitle "CBM 104"]
[Source "ChessBase"]
[SourceDate "2005.01.27"]
[SourceVersion "1"]
[SourceVersionDate "2005.01.27"]
[SourceQuality "1"]
[WhiteTeam "Ukraine"]
[BlackTeam "US of America"]
[WhiteTeamCountry "UKR"]
[BlackTeamCountry "USA"]

1. e4 c5 2. Nf3 Nc6 3. d4 cxd4 4. Nxd4 Nf6 5. Nc3 e5 6. Ndb5 d6 7. Bg5 a6 8.
Na3 b5 9. Nd5 Be7 10. Nxe7 Nxe7 11. Bxf6 gxf6 12. c4 {This variation gained
some popularity after Anand's win against Van Wely at the beginning of 2004.
White's approach is very materialistic - he is ready to give up the control in
the center in order to win 1-2 pawns. In a sense the present game is typical -
the representative of the young generation takes everything he can and just
like a computer believes in the defensive resources of his position.} O-O ({
The main continuation is} 12... Bb7 13. Bd3 bxc4 (13... f5 14. exf5) (13... Rg8
14. cxb5 (14. Rg1 $5 {1/2-1/2 Motylev,A-Shirov,A/Bastia 2004 (38)}) 14... Rxg2
15. bxa6 Bxa6 16. Bxa6 Rxa6 17. Qd3 Rc6 $13 {1-0 Kharlov,A-Khairullin,I/Tomsk
2004 (43)}) 14. Nxc4 d5 15. exd5 Qxd5 16. Qa4+ {Anand's novelty} (16. Nd6+ Kf8
17. Be4 Qa5+ {is known to be equal:} 18. Qd2 Qxd2+ 19. Kxd2 Rd8 20. Bxb7 Rxd6+
21. Kc3 (21. Kc2 Rb6 22. Bf3 (22. Be4 Kg7 23. Rad1 f5 24. Bd3 a5 25. Rd2 Kf6
26. Rc1 {1/2-1/2 Ljubojevic,L-Tseshkovsky,V/Riga 1979}) 22... Kg7 23. Rad1 Rhb8
24. b3 Nf5 {1/2-1/2 Smyslov,V-Sveshnikov,E/Lvov 1978 (41)}) 21... Nf5 22. Rad1
Nd4 23. b3 Ke7 24. Kb2 a5 $11 {1/2-1/2 Sokolov,A-Van Wely,L/Koelln 2004 (43)})
16... Kf8 17. O-O-O Qc5 (17... Qxg2 18. Rhg1 Qc6 (18... Qxf2 19. Qb4 Bf3 $2 20.
Rgf1 $16 {1-0 Anand,V-Van Wely,L/Monte Carlo 2004 (36)}) 19. Qa3 Rc8 20. Kb1
Qc5 21. Qxc5 Rxc5 22. Nb6 Ke8 $11 {1/2-1/2 Timofeev,A-Haznedaroglu,K/Abu Dhabi
2004 (50)}) 18. f3 Kg7 19. Qa5 Rac8 20. Kb1 Rhd8 21. Qxc5 Rxc5 22. Ne3 Rd7 23.
Be2 Rdc7 24. Rc1 $14 {/= 1/2-1/2 Zhang Pengxiang-Shirov,A/Bastia 2004 (54)}) (
12... f5 13. exf5 Nxf5 14. cxb5 O-O {leads to the game position after move 14.}
) (12... Qa5+ 13. Qd2 Qxd2+ 14. Kxd2 b4 15. Nc2 Rb8 16. Bd3 $11 {/+/=}) 13.
cxb5 (13. Bd3 $5) 13... f5 14. exf5 (14. Bd3 fxe4 15. Bxe4 d5 $44) 14... Nxf5 {
By transposition they achieved the position from Socko-Radjabov, which was
played just two weeks previous to the present game. There Black started with
12...f5 13.exf5 Nxf5 14.cxb5 0-0.} 15. bxa6 (15. Bd3 Nh4 16. g3 $4 (16. Be4 Rb8
17. O-O axb5 18. Qd3 Ng6 $11) (16. O-O Bb7 $44) 16... Qa5+ 17. Kf1 Bh3+ 18. Kg1
Qe1+ $1 {0-1 Wittenberg,R-Hilgendorff,J/Germany 1993}) 15... Qh4 $146 ({
In the above-mentioned game Black achieved an easy draw after} 15... Bxa6 16.
Bxa6 Qa5+ 17. Qd2 Qxa6 18. h4 Kh8 19. Qg5 Nd4 {1/2-1/2 Socko,B-Radjabov,T/
Izmir 2004}) 16. Nc2 d5 (16... Bxa6 $4 17. Bxa6 Rxa6 18. Qd3 $18 {[%csl Ra6,
Rf5]}) 17. Qxd5 {White has little choice and must continue with the
computer-like appetite. Otherwise Black will have a strong initiative thanks
to his central pawns.} (17. a4 d4 18. Bd3 (18. g3 $2 Qe4+) (18. Bb5 e4 19. O-O
d3 20. Ne3 Nd4 $44) 18... e4 19. g3 Qf6 20. Bxe4 Re8) (17. Be2 Rd8 18. O-O Rd6
$36 (18... Bxa6 $44)) 17... Be6 18. Qxe5 {Continuing the same provokative
style of playing. Few years ago I would have thought that taking the pawn on
the e-file with the queen in such a position can hardly be a decision of a
human, but chess is changing and more (young) people act like computers these
days. Quo vadis, chess?} (18. Qf3 e4 {is also a clear compensation for Black.})
18... Rad8 (18... Rfe8 19. O-O-O $13) (18... Rac8 $2 19. Bd3 $16 (19. O-O-O
Rxc2+ 20. Kxc2 Rc8+ 21. Kb1 Qa4 (21... Bxa2+ 22. Ka1 Qa4 23. Bb5 Qa5 24. b4
Qxb4 25. Rc1 {and White defends}) 22. Bc4)) 19. Bb5 {That's the eternal
difference between humans and computers: things which look very logical are
not always the best decisions. And hopefully the humans will always tend to
think logically. Who needs a perfection without logic anyway? By playing 19.
Bb5 White takes away square e8 from black rooks, but after Black's unexpected
reply White is suddenly on the edge of losing. On the other hand with all his
previous play Volokitin had taken such a responsability of walking on the edge
long ago.} (19. g3 $8 {This appears to be the only move and White probably
escapes with perpetual. For instance:} Qa4 ({Maybe Black can play for more
than a draw with} 19... Qh6 20. Ne3 Nxe3 21. Qxe3 Qf6 22. Be2 (22. Bg2 Bc4 $17)
22... Bh3 {and White still must suffer for his extra material.}) 20. Ne3 Nd4
21. Qg5+ Kh8 22. Qf6+ Kg8 23. Be2 Qb4+ 24. Kf1 Qxb2 25. Re1 Bh3+ 26. Ng2 Rfe8
27. Qg5+ $11) (19. Be2 Rd5 20. Qc7 (20. Qc3 Rc8 21. Qf3 Rxc2 22. a7 Qb4+ 23.
Kf1 Qa5 $19) 20... Rc8 21. Qb7 Rxc2 22. O-O Nd4 23. Bd1 (23. Bd3 Rh5 24. Qb8+
Kg7 25. a7 Bd5 $19) (23. a7 Nxe2+ 24. Kh1 Qxh2+ 25. Kxh2 Rh5#) (23. Qb8+ Rd8
24. a7 Nxe2+ 25. Kh1 Bd5 $19) 23... Rc8 24. a7 Qd8 $17) (19. Ne3 Nxe3 20. Qxe3
Rfe8 $19) 19... Bc4 $1 {Very strong, since White cannot take the knight.} (
19... Rd5 20. Qe2 Qf4 {also looks good, but the game continuation should win
for Black.}) 20. Bc6 $2 {This is already a bad mistake. White crosses the line
too much by leaving black bishop on diagonal a6-f1 with the king on e1. Now
Black is winning.} (20. a4 Rd5 21. Qc3 Qe7+ 22. Ne3 Nxe3 23. fxe3 Qh4+ 24. g3
Qe4 25. Qxc4 Qxh1+ 26. Qf1 Qxh2 (26... Qe4 27. Qf4) 27. Qf2 Qh1+ 28. Qf1 {
and White keeps chances to escape.}) (20. Bxc4 {Giving up the queen for rook
and bishop seems to be the best.} Rfe8 21. Qe2 $1 (21. Qxe8+ Rxe8+ 22. Be2 Qc4
23. Ne3 Qb4+ 24. Kf1 Qxb2 $17) 21... Rxe2+ (21... Qxc4 22. Ne3 Qb4+ (22... Nxe3
23. fxe3 Qb4+ 24. Kf1 {- 22...Qb4+}) 23. Kf1 Nxe3+ (23... Rd2 $2 24. Qg4+) 24.
fxe3 Rd2 25. Qf3 Qxb2 26. Re1 Qxa2 27. h4 Qxa6+ 28. Kg1 {and draw is the most
Black can hope for.}) 22. Bxe2 Qe4 23. Rd1 Rc8 (23... Re8 24. Rd2) 24. Ne3 Nxe3
25. fxe3 Qxe3 26. Rf1 Rc2 27. Rf2 Rxb2 28. Kf1 Rxa2 $11) (20. Qxf5 $2 Qe7+ 21.
Ne3 Qb4#) 20... Qh6 $2 {That's a pity indeed. Now White will make no more
mistakes and he succeeds to save the game.} ({After the simple} 20... Bxa6 {
White is in big troubles:} 21. Bb5 (21. b4 Bd3 22. Rc1 Qc4 {must be an easy
win - the king remains in the center and Black wins a piece.} (22... Bxc2 23.
O-O $17)) (21. Ne3 Qb4+ 22. Qc3 Nxe3 23. fxe3 Qh4+ 24. g3 Qh5 25. Qc2 Rc8 $19)
(21. Rd1 Qc4 $19) (21. b3 Qh6 $19 {[%csl Rc6,Rd2]}) (21. Qxf5 Rfe8+ (21... Qe7+
22. Be4) 22. Bxe8 Qe7+ 23. Ne3 Qb4#) 21... Bxb5 22. Qxb5 Rfe8+ 23. Kf1 Nd6 24.
Qc6 Ne4 25. g3 Qh5 {[%cal Gh5f3]} (25... Qh3+ 26. Kg1 Nxf2 {is also not bad:}
27. Kxf2 $140 Qf5+ 28. Kg1 Re2 $19) 26. Kg2 Re6 27. Qc7 Rd2 28. Rhf1 Rf6 $19)
21. Ne3 $1 Nxe3 22. Qg3+ $1 Kh8 23. Qe5+ Kg8 24. Qg3+ Kh8 25. Qe5+ f6 {After
this the bishop on c6 is no longer under attack and White can take the knight.}
26. Qxe3 Qh5 27. a7 $1 Qa5+ ({After} 27... Rfe8 28. Bxe8 Rxe8 29. a8=Q Rxa8 {
Black still has good compensation, but with only few pieces left it is not
clear if he's able to create decisive threats. And White is an exchange and 3
pawns up...  However, in an individual competition possibly Shabalov would
have played on, since even here Black's initiative is dangerous.} 30. Rc1 $5
Rd8 $1 $44 (30... Ba6 31. Rc5 Qg6 32. Qd4 {[%cal Ge1d2]}) (30... Qa5+ 31. Rc3
Qxa2 32. Qc1) (30... Re8 31. Rxc4 Rxe3+ 32. fxe3 $16)) 28. Qc3 Rfe8+ {Forcing
the draw.} 29. Bxe8 Rxe8+ 30. Kd1 Be2+ 31. Kc2 Qf5+ 32. Kb3 Qb5+ 33. Qb4 Qd3+
34. Qc3 Qb5+ 35. Kc2 (35. Ka3 Qa6+ $11) 35... Qf5+ 36. Kb3 Qb5+ 1/2-1/2

[Event "EU-ch 6th"]
[Site "Warsaw"]
[Date "2005.06.30"]
[Round "12"]
[White "Nisipeanu, Liviu Dieter"]
[Black "Eljanov, Pavel"]
[Result "1-0"]
[WhiteElo "2670"]
[BlackElo "2641"]
[Annotator "Rogozenco,D"]
[PlyCount "245"]
[EventDate "2005.06.18"]
[EventType "swiss"]
[EventRounds "13"]
[EventCountry "POL"]
[SourceTitle "CBM 108"]
[Source "ChessBase"]
[SourceDate "2005.09.26"]
[SourceVersion "1"]
[SourceVersionDate "2005.09.26"]
[SourceQuality "1"]

1. e4 c5 2. Nf3 Nc6 3. d4 cxd4 4. Nxd4 Nf6 5. Nc3 e5 6. Ndb5 d6 7. Bg5 a6 8.
Na3 b5 9. Nd5 Be7 10. Bxf6 Bxf6 11. c3 O-O 12. Nc2 Rb8 13. a4 (13. h4) 13...
bxa4 14. Nce3 $146 (14. Ncb4 Nxb4 15. Nxb4 Bb7 $132) 14... Ne7 (14... Rxb2 15.
Qxa4 Ne7 16. Nxf6+ gxf6 17. Bxa6 $14 {/~~}) (14... Bg5 15. Qxa4 Bxe3 16. Nxe3 (
{Black is better after} 16. Qxc6 $2 Ba7 (16... Bxf2+ $5 17. Kxf2 Rxb2+ $36))
16... Ne7 17. b4 d5 $11) 15. Rxa4 Nxd5 16. Nxd5 Rxb2 17. Bxa6 Bg4 {Later Black
exchanged the bishop for the knight on d5 anyway, so this "activity" wasn't
really necessary.} (17... Be6 18. O-O Bg5 19. Bc4 (19. Qa1 Qd7 20. Bc4 (20.
Qxb2 Qxa4 $11) 20... Rfb8 21. Rb4 R2xb4 22. cxb4 Bxd5 23. Bxd5 Rxb4 24. Qa8+
Qd8 $11) 19... Qd7 20. Rb4 Rb8 $11 {[%cal Gg5d8]} (20... Rxb4 21. cxb4 Bd8 $14)
) 18. Qa1 (18. Qxg4 $2 Rb1+) 18... Rb8 19. O-O Bg5 20. Qa3 Bd7 {Black makes
many inaccuracies and will soon end up in a very passive position.} (20... Be6
$142 21. Bc4 Kh8 22. Rd1 (22. Ra6 Qc8 23. Qa4 Bxd5 $11) 22... f5 $132) 21. Rb4
Bc6 (21... f5 $142 $14 {/=}) 22. Qb3 Bxd5 23. Qxd5 $14 {In spite of apparent
draw, such positions still offer White possibilities to play for a win. The
difference is that White can organize pressure on f7, while Black is unable to
attack f2. With the bishop on c5 instead of g5 it would have been a
"dead-draw".} Ra8 (23... Rxb4 $6 24. cxb4 $16 {[%cal Gb4b5]}) (23... Rb6 24.
Bc4 Qb8 25. Rfb1 Bd8 26. g3 Rxb4 (26... Qa7 27. Kg2 $16) 27. cxb4 Bb6 $14 {/+/-
}) 24. Bc4 Rc8 25. Rfb1 Rc5 26. Qd3 Qc8 27. g3 Be7 28. R1b3 Rc7 29. Bd5 Qd7 30.
Kg2 $16 {White has enough ideas to harass the opponent.} g6 31. Qf3 Kg7 32. Rb7
Bd8 33. Qe3 Re8 34. h4 h5 35. c4 Re7 36. Rb8 Rc8 37. R8b5 Qa7 38. Qf3 Qd7 39.
Ra3 Rc7 40. Rb8 Rc8 41. Rb5 Rc7 42. Rb8 Rc8 43. Rb4 Bc7 $2 (43... Rc7 $142 {
[%cal Gc7a7]}) 44. Ra6 Qg4 $2 {This is already a mistake, after which Black's
position becomes very dangerous} ({Black had to trade a pair of rooks:} 44...
Rb8) 45. Qb3 Qd7 46. Rb7 Qd8 47. Rc6 Rd7 48. Qb5 Qe7 49. Qa6 Rcd8 50. Qb5 Rc8
51. Qb2 Rf8 52. c5 $1 dxc5 (52... Rfd8 53. Qc3 dxc5 54. Be6 $1 fxe6 55. Rbxc7
Qf6 56. Rxc5 Rxc7 57. Rxc7+ Kg8 $16) (52... Re8 53. Qc3 dxc5 54. Be6 Ba5 $5 55.
Qxe5+ f6 56. Rxd7 fxe5 57. Rxc5 Bb6 58. Rxe7+ Rxe7 59. Rc6 $16) 53. Be6 $1 Rd6
({Another possibility was to defend the rook endgame arising after} 53... fxe6
54. Rcxc7 Rxc7 55. Qxe5+ Qf6 56. Rxc7+ Rf7 57. Qxf6+ Kxf6 58. e5+ $5 (58. Rxc5
Ra7) 58... Kg7 59. Rxc5 Ra7 $16) 54. Qxe5+ Qf6 55. Qxf6+ Kxf6 56. Rxd6 Bxd6 57.
Bd5 $18 {White is winning. Black cannot prevent the plan from the game.} c4 {
The c-pawn disturbs the bishop and plays absolutely no role, so Eljanov
decides to give it up at once.} 58. Bxc4 Kg7 59. Bb3 Bc5 60. e5 Kg8 61. f4 Bd4
62. Kf3 Bc5 63. g4 hxg4+ 64. Kxg4 Kg7 65. Kg5 Bd4 66. Rd7 Bc3 67. Bc2 Kg8 68.
Bb3 Kg7 69. Bd5 Bb2 70. e6 Bf6+ 71. Kg4 Kg8 72. exf7+ Kg7 73. Rb7 Bd8 74. h5
gxh5+ 75. Kxh5 Bf6 76. Bb3 {White is winning, but the future European Champion
needed some time before executing the right plan.} (76. Rb3 Be7 77. Rg3+ Kf6
78. Rg8 Ba3 79. Kh6 Ke7 (79... Bb4 80. Rg6+ Ke7 81. Re6+ Kd7 82. Re8 $18) 80.
Rg2 Rd8 81. Kg7 Kd7 82. Re2 Bf8+ 83. Kh7 Kc7 84. Re8 Rb8 85. Rxf8 $18) 76...
Bd4 77. Kg5 Rd8 78. Kh5 Bc5 79. Rc7 Bb4 80. Rc1 Kf8 81. Rg1 Ke7 82. Rg8 Rf8 83.
Rg6 Rd8 84. Rb6 Bc5 85. Rc6 Bb4 86. Kg6 Kf8 87. Be6 Be7 88. f5 Rd1 89. Rc8+ Rd8
90. Rc7 Rd1 91. Rc8+ Rd8 92. Rc1 Rd2 93. Kh5 Rh2+ 94. Kg4 Rd2 95. Kf3 Bf6 96.
Rb1 Rd8 97. Rb5 Rd3+ 98. Ke4 Rd4+ 99. Ke3 Rd8 100. Bd5 Rc8 101. Ke4 Rd8 102.
Rb6 Kg7 103. Ra6 Rb8 104. Kf3 Rd8 105. Bc4 Rc8 106. Ba2 Rd8 107. Bc4 Rc8 108.
Bd5 Rd8 109. Ra5 Rb8 110. Rc5 Rd8 111. Rb5 Rc8 112. Rb1 Kf8 113. Rg1 Ke7 114.
Kg4 Rd8 115. Ba2 Bc3 116. Rg3 Bb2 117. Kg5 Ba1 118. Bb3 Bb2 119. Rg2 Bg7 120.
Re2+ Kd7 121. Re8 Bf8 122. Kg6 Kc7 123. Rxf8 1-0